Central Library OPAC University of Rajshahi

Business communication : (Record no. 14313)

MARC details
000 -LEADER
fixed length control field 00883cam a2200289 4500
001 - CONTROL NUMBER
control field 14313
003 - CONTROL NUMBER IDENTIFIER
rucl marc code BD-RjUL
005 - DATE AND TIME OF LATEST TRANSACTION
control field 20211208235616.0
008 - FIXED-LENGTH DATA ELEMENTS--GENERAL INFORMATION
fixed length control field 140205s2003 ii a b 001 0 eng
020 ## - INTERNATIONAL STANDARD BOOK NUMBER
International Standard Book Number 8185386056
035 ## - SYSTEM CONTROL NUMBER
System control number (BD-RjUL)14365
040 ## - CATALOGING SOURCE
Original cataloging agency DLC
Transcribing agency DLC
Modifying agency DLC
-- BD-RjUL
Language of cataloging eng
041 ## - LANGUAGE CODE
Language code of text/sound track or separate title eng
082 00 - DEWEY DECIMAL CLASSIFICATION NUMBER
Classification number 658.45
Author mark and year LEB 2003
100 1# - MAIN ENTRY--PERSONAL NAME
Personal name Lesikar, Raymond Vincent.
9 (RLIN) 43903
245 10 - TITLE STATEMENT
Title Business communication :
Statement of responsibility, etc. by Raymond V. Lesikar.
Remainder of title theory and application /
250 ## - EDITION STATEMENT
Edition statement 6th ed.
260 ## - PUBLICATION, DISTRIBUTION, ETC. (IMPRINT)
Place of publication, distribution, etc. New Delhi :
Name of publisher, distributor, etc. A.I.T.B.S.,
Date of publication, distribution, etc. c2003.
300 ## - PHYSICAL DESCRIPTION
Pagination xiv, 754 p. :
Illustrations illus. ;
Size 24 cm.
504 ## - BIBLIOGRAPHY, ETC. NOTE
Bibliography, etc Includes bibliographical references & Index.
650 #0 - SUBJECT ADDED ENTRY--TOPICAL TERM
Topical term or geographic name as entry element Commercial correspondence.
9 (RLIN) 43436
Topical term or geographic name as entry element Business communication.
9 (RLIN) 44685
Topical term or geographic name as entry element Business report writing.
9 (RLIN) 44686
942 ## - ADDED ENTRY ELEMENTS (KOHA)
Source of classification or shelving scheme Dewey Decimal Classification
Koha item type Books
Holdings
Lost status Source of classification or shelving scheme Damaged status Not for loan Collection code Permanent Location Current Location Shelving location Date acquired Source of acquisition Cost, normal purchase price Total Checkouts Full call number Date last seen Copy number Koha item type
  Dewey Decimal Classification     Non-fiction Central Library, University of Rajshahi Central Library, University of Rajshahi   04/02/2008 Paragon Ent., Dhaka 285.00   658.45 LEB 2003 05/02/2014 C-38 Books